01533nam0a22002411 4500001001100000005001700011021001900028035002600047100004100073101000800114102000700122105001800129200012100147210006800268215002300336327029800359464043600657700010901093702003001202801001801232801002201250852001901272rc\466384120260406070853.0 aRUb[67-59392] a(NLR Aleph) 008418016 a20130416d1967 |||y0rusy50 ca0 arus aRU aa z |||a|1 aБабушкины кружеваeМаленькие романы и рассказыf[Ил.: Ю.Д. Шутяев] aНовосибирскcЗап.-Сиб. кн. изд-воd1967 a212 с.cил.d201 aСодерж.: Рассказы: Красный вагон; Дочь луны; Страничка юности; Шоша-шерстобит; Щучий остров; Саламата; Маленькие романы: Счастливое крушение; Бабушкины кружева 012001#$aКрасный вагон$eРассказ$aДочь луны$eРассказ$aСтраничка юности$eРассказ$aШоша-шерстобит$eРассказ$aЩучий остров$eРассказ$aСаламата$eРассказ$aСчастливое крушение$eМаленький роман$aБабушкины кружева$eМаленький романtБабушкины кружева 140708rus7caaПермякbЕ. А.gЕвгений Андреевичf1902-19823RU\NLR\auth\7727461 1aШутяевbЮ.Д.4440 0aRUbNLRgpsbo 1aRUbELAR2rusmarc aNLRj67-3/4190